Automatický vznik nároku věcného břemene ve prospěch projektů OZE

Novela zavádzajúca zákonné vecné bremeno, ktorá má ambíciu urýchliť rozvoj obnoviteľných zdrojov, prešla legislatívnym procesom bez väčšej pozornosti verejnosti a ešte po roku účinnosti je právne vedomie o nej celkom nízke. Snaha o rozšírenie povedomia o tomto užitočnom legislatívnom opatrení, ktoré...

Full description

Saved in:
Bibliographic Details
Main Author: Pavlíček, Libor
Format: Book Chapter
Language:Czech
Subjects:
Tags: Add Tag
No Tags, Be the first to tag this record!

MARC

LEADER 00000naa a2200000 4500
001 0308293
005 20250425115414.6
041 0 |a cze 
044 |a CZ 
245 1 0 |a Automatický vznik nároku věcného břemene ve prospěch projektů OZE  |c Libor Pavlíček 
520 |a Novela zavádzajúca zákonné vecné bremeno, ktorá má ambíciu urýchliť rozvoj obnoviteľných zdrojov, prešla legislatívnym procesom bez väčšej pozornosti verejnosti a ešte po roku účinnosti je právne vedomie o nej celkom nízke. Snaha o rozšírenie povedomia o tomto užitočnom legislatívnom opatrení, ktoré zjednoduší administráciu developerov pri realizácii projektov OZE (obnoviteľné zdroje energie) a úradníkom uľahčí ich rozhodovanie. Regulácia nároku automatického vecného bremena. Praktický postup pri uplatňovaní nároku. 
610 2 0 |a energetika 
610 2 0 |a zdroje energie obnoviteľné 
610 2 0 |a projekty 
610 2 0 |a bremeno vecné 
610 2 0 |a novelizácia 
610 2 0 |a legislatíva 
610 2 0 |a administratíva 
610 2 0 |a úrady 
610 2 0 |a rozhodovanie 
100 1 |a Pavlíček, Libor